000 00197nam a2200109Ia 4500
100 _a#N/A
650 _aComputer/ IT
942 _cBK
245 _aOpensolaris
260 _b#N/A
546 _aENGLISH
999 _c26169
_d26169